000 00799nmc a2200253 a 4500
003 AR-BaBNM
005 20251128203201.0
008 097119s1971 ||||||||||||||000 | spa||
040 _cAR-BaBNM
100 1 _aVega, Lope de
_d1562-1635
245 1 0 _aLa dama boba
260 _aBuenos Aires
_bKapelusz
_c1971
300 0 _a172 p.
490 0 _aGrandes obras de la literatura universal
_vv. 70
500 1 _aContiene un resumen cronológico de la vida del autor, análisis y juicio crítico de su obra y referencias bibliográficas
650 4 _aTEATRO ESPANOL
653 0 _aSIGLO DE ORO ESPANOL
653 0 _aCOMEDIA DE COSTUMBRES
655 _aLITERATURA
700 1 _aMinian de Alfie, Raquel
_eprologuista
700 1 _aLacau, María Hortensia
_eeditor
942 _cBK
998 _cMARTIN
999 _c2282
_d2282